000 00655nam a2200253Ia 4500
003 OSt
005 20221006142839.0
006 a|||||r|||| 00| 0
007 ta
008 221006b |||||||| |||| 00| 0 eng d
020 _c7000.00
024 _a7,344
037 _cTextual
040 _aEASL
_cEASL
_beng
041 _2eng
_aeng
082 _aV42yM76, M0
100 _aPLESSET Isabel R
_9648539
245 0 _aNoguchi and his patrons
260 _aLondon
_bFairleigh Dickinson University
_c1980
300 _a314p.
_ccm.
490 _v JEL
942 _hV42yM76, M0
_cTEXL
_2CC
999 _c1075430
_d1075430